Statistics for Every Oscar-Nominated Actress

Click here to take the quiz!

General Stats

  • This quiz has been taken 42,524 times
    (17,036 since last reset)
  • The average score is 125 of 481

Answer Stats

#Actress% Correct
21Meryl Streep
93%
5Audrey Hepburn
76%
12Katharine Hepburn
74%
4Jennifer Lawrence
72%
6Maggie Smith
72%
3Emma Stone
71%
4Julia Roberts
70%
4Viola Davis
70%
11Bette Davis
67%
7Kate Winslet
67%
8Cate Blanchett
66%
2Geena Davis
66%
1Catherine Zeta-Jones
65%
2Judy Davis
64%
5Elizabeth Taylor
63%
2Anne Hathaway
62%
1Rachel Roberts
62%
1Sharon Stone
62%
1Carolyn Jones
60%
1Felicity Jones
60%
5Jennifer Jones
60%
8Judi Dench
60%
5Julianne Moore
60%
5Nicole Kidman
60%
2Sandra Bullock
60%
1Shirley Jones
60%
3Natalie Portman
59%
6Amy Adams
58%
2Angelina Jolie
58%
1Halle Berry
58%
2Scarlett Johansson
58%
7Jane Fonda
57%
1Juanita Moore
56%
1Mary Tyler Moore
56%
5Michelle Williams
56%
1Terry Moore
56%
4Emma Thompson
55%
1Grace Moore
55%
4Jodie Foster
55%
3Julie Andrews
55%
1Cara Williams
52%
2Grace Kelly
52%
1Gwyneth Paltrow
52%
4Helen Mirren
52%
2Vivien Leigh
52%
3Charlize Theron
51%
6Frances McDormand
51%
1Glynis Johns
51%
2Reese Witherspoon
51%
4Glenda Jackson
50%
2Helen Hunt
50%
7Ingrid Bergman
50%
1Janet Leigh
50%
1Jennifer Jason
Leigh
50%
2Judy Garland
50%
4Renée Zellweger
50%
3Sally Field
50%
5Susan Sarandon
50%
2Margot Robbie
49%
1Nancy Kelly
49%
4Penélope Cruz
49%
1Candice Bergen
48%
1Celia Johnson
48%
2Cher
48%
4Diane Keaton
48%
8Glenn Close
48%
2Helena Bonham
Carter
48%
1Linda Hunt
48%
3Olivia Colman
48%
2Barbra Streisand
47%
2Emily Watson
47%
1Ellen Page
46%
4Kathy Bates
46%
1Lucile Watson
46%
1Jamie Lee Curtis
45%
2Liza Minnelli
45%
2Hilary Swank
44%
3Jessica Chastain
44%
1Lady Gaga
44%
1Michelle Yeoh
44%
3Natalie Wood
44%
2Sophia Loren
44%
8Geraldine Page
43%
4Holly Hunter
43%
1Jennifer Hudson
43%
3Joan Crawford
43%
1Kate Hudson
43%
2Keira Knightley
43%
1Peggy Wood
42%
3Sigourney Weaver
42%
2Whoopi Goldberg
42%
1Brie Larson
41%
1Kim Hunter
41%
2Shirley Knight
41%
1Barbara Barrie
40%
6Jessica Lange
40%
5Olivia de Havilland
40%
1Peggy Lee
40%
2Winona Ryder
40%
2Goldie Hawn
39%
3Greta Garbo
39%
2Jacki Weaver
39%
1Kristen Stewart
39%
2Marion Cotillard
39%
3Michelle Pfeiffer
39%
3Octavia Spencer
39%
1Salma Hayek
39%
5Shirley MacLaine
39%
6Sissy Spacek
39%
3Anjelica Huston
38%
4Ethel Barrymore
38%
1Hope Lange
38%
4Saoirse Ronan
38%
1Uma Thurman
38%
3Faye Dunaway
37%
1Karen Black
37%
1Kristin Scott Thomas
37%
1Ginger Rogers
36%
1Kathleen Turner
36%
1Lana Turner
36%
3Laura Dern
36%
2Angela Bassett
35%
2Bette Midler
35%
1Doris Day
35%
2Naomi Watts
35%
1Rachel McAdams
35%
1Andra Day
34%
1Barbara Harris
34%
1Beah Richards
34%
1Julie Harris
34%
1Naomie Harris
34%
2Rachel Weisz
34%
1Rosemary Harris
34%
6Vanessa Redgrave
34%
1Youn Yuh-jung
34%
4Annette Bening
33%
3Eleanor Parker
33%
2Lynn Redgrave
33%
5Anne Bancroft
32%
1Debbie Reynolds
32%
6Ellen Burstyn
32%
2Jessica Tandy
32%
1Judith Anderson
32%
6Deborah Kerr
31%
1Diana Ross
31%
4Julie Christie
31%
1Juliette Lewis
31%
1Lupita Nyong'o
31%
1Oprah Winfrey
31%
1Regina King
31%
1Ruby Dee
31%
1Amy Ryan
30%
7Greer Garson
30%
1Jennifer Connelly
30%
3Joan Allen
30%
1Katharine Ross
30%
1Kirsten Dunst
30%
1Lauren Bacall
30%
2Loretta Young
30%
2Melissa McCarthy
30%
2Miranda Richardson
30%
3Teresa Wright
30%
1Tilda Swinton
30%
1Anna Paquin
29%
1Ava Gardner
29%
3Joan Fontaine
29%
4Joanne Woodward
29%
2Juliette Binoche
29%
2Julie Walters
29%
3Marisa Tomei
29%
1Marlene Dietrich
29%
1Melanie Griffith
29%
1Tatum O'Neal
29%
2Carey Mulligan
28%
3Claudette Colbert
28%
1Florence Pugh
28%
1Grayson Hall
28%
1Rita Moreno
28%
2Rooney Mara
28%
1Catalina Sandino
Moreno
27%
1Corinne Griffith
27%
1Diane Lane
27%
2Helen Hayes
27%
3Laura Linney
27%
1Pauline Collins
27%
4Shelley Winters
27%
4Barbara Stanwyck
26%
3Gloria Swanson
26%
1Kim Basinger
26%
4Lee Grant
26%
1Mary Pickford
26%
1Patricia Arquette
26%
4Rosalind Russell
26%
5Susan Hayward
26%
1Amanda Seyfried
25%
1Louise Fletcher
25%
1Maggie Gyllenhaal
25%
1Marlee Matlin
25%
2Melissa Leo
25%
2Sally Hawkins
25%
1Ana de Armas
24%
3Angela Lansbury
24%
1Candy Clark
24%
1Catherine Deneuve
24%
3Celeste Holm
24%
3Debra Winger
24%
3Edith Evans
24%
1Felicity Huffman
24%
3Gladys Cooper
24%
1Hattie McDaniel
24%
2Janet Gaynor
24%
4Jane Wyman
24%
6Norma Shearer
24%
1Queen Latifah
24%
1Allison Janney
23%
3Dianne Wiest
23%
1Lily Tomlin
23%
2Luise Rainer
23%
4Marsha Mason
23%
1Martha Scott
23%
1Mo'Nique
23%
2Patricia Neal
23%
1Rosamund Pike
23%
1Toni Collette
23%
1Alicia Vikander
22%
1Anna Kendrick
22%
1Carroll Baker
22%
1Christine Lahti
22%
1Donna Reed
22%
5Irene Dunne
22%
2Marcia Gay Harden
22%
1Olympia Dukakis
22%
2Talia Shire
22%
2Anne Baxter
21%
1Imelda Staunton
21%
1Judy Holliday
21%
1Keisha Castle-
Hughes
21%
2Liv Ullman
21%
1Minnie Driver
21%
2Samantha Morton
21%
2Simone Signoret
21%
1Susan Peters
21%
2Anna Magnani
20%
1Bessie Love
20%
1Carol Channing
20%
2Gloria Grahame
20%
2Jean Simmons
20%
1Mira Sorvino
20%
1Quvenzhané Wallis
20%
1Stockard Channing
20%
6Thelma Ritter
20%
1Cicely Tyson
19%
1Elisabeth Shue
19%
1Gabourey Sidibe
19%
4Jane Alexander
19%
1Jean Arthur
19%
2Joan Cusack
19%
1Shirley Booth
19%
2Ann-Margret
18%
1Ariana DeBose
18%
2Brenda Blethyn
18%
1Carole Lombard
18%
1Charlotte Rampling
18%
1Diahann Carroll
18%
3Diane Ladd
18%
2Gena Rowlands
18%
1Gladys George
18%
1Isabelle Huppert
18%
1Linda Blair
18%
2Marie Dressler
18%
1Nancy Carroll
18%
2Ruth Gordon
18%
1Abigail Breslin
17%
1Ali MacGraw
17%
1Betsy Blair
17%
1Dorothy Dandridge
17%
1Ethel Waters
17%
1Eva Marie Saint
17%
2Isabelle Adjani
17%
1Mary Steenburgen
17%
1Nancy Olson
17%
1Patricia Clarkson
17%
1Patty Duke
17%
3Piper Laurie
17%
1Ruth Negga
17%
1Sarah Miles
17%
1Stephanie Hsu
17%
2Sylvia Miles
17%
3Wendy Hiller
17%
1Andrea Riseborough
16%
1Aunjanue Ellis
16%
1Barbara O'Neil
16%
1Carol Kane
16%
1Catherine Burns
16%
1Emmanuelle Riva
16%
1Gloria Stuart
16%
1Lesley Ann Warren
16%
2Leslie Caron
16%
1Margaret Sullavan
16%
2Mary McDonnell
16%
4Maureen Stapleton
16%
1Sandy Dennis
16%
1Susannah York
16%
1Taraji P. Henson
16%
1Vanessa Kirby
16%
1Vera Farmiga
16%
4Agnes Moorehead
15%
1Anne Archer
15%
1Brenda Fricker
15%
1Cloris Leachman
15%
1Edna May Oliver
15%
1Fernanda
Montenegro
15%
1Geraldine Fitzgerald
15%
1Hailee Steinfeld
15%
2Janet McTeer
15%
1Jennifer Tilly
15%
2Kim Stanley
15%
1Mary Astor
15%
1Meg Tilly
15%
1Miriam Hopkins
15%
1Rachel Griffiths
15%
1Rosie Perez
15%
1Tess Harper
15%
1Barbara Hershey
14%
2Catherine Keener
14%
1Cynthia Erivo
14%
1Dorothy McGuire
14%
1Elizabeth McGovern
14%
3Fay Bainter
14%
1Flora Robson
14%
1Gene Tierney
14%
1Lee Remick
14%
1Louise Dresser
14%
1Lynn Fontanne
14%
2Madeline Kahn
14%
1Margaret Rutherford
14%
1May Robson
14%
2Mercedes McCambridge
14%
1Mercedes Ruehl
14%
1Merle Oberon
14%
1Peggy Ashcroft
14%
1Sally Kirkland
14%
1Teri Garr
14%
1Alfre Woodard
13%
2Alice Brady
13%
1Amy Irving
13%
1Anne Shirley
13%
1Ann Harding
13%
1Anouk Aimée
13%
1Chloë Sevigny
13%
1Dorothy Malone
13%
2Dyan Cannon
13%
1Eileen Brennan
13%
2Estelle Parsons
13%
1Eve Arden
13%
1Geneviève Bujold
13%
1Jeanne Crain
13%
2Jill Clayburgh
13%
1Josephine Hull
13%
1Laurie Metcalf
13%
1Lena Olin
13%
1Lillian Gish
13%
1Maggie McNamara
13%
1Mariel Hemingway
13%
1Mary J. Blige
13%
1Melina Mercouri
13%
2Melinda Dillon
13%
1Virginia Madsen
13%
1Yalitza Aparicio
13%
3Anne Revere
12%
1Beatrice Straight
12%
1Billie Burke
12%
3Claire Trevor
12%
2Eileen Heckart
12%
2Elsa Lanchester
12%
1Hong Chau
12%
1Joan Plowright
12%
1Kerry Condon
12%
1Leslie Browne
12%
1Lorraine Bracco
12%
1Mary Elizabeth
Mastrantonio
12%
1Patty McCormack
12%
1Quinn Cummings
12%
1Samantha Eggar
12%
1Valerine Perrine
12%
1Ann Blyth
11%
1Bérénice Bejo
11%
2Beulah Bondi
11%
1Carrie Snodgress
11%
1Diana Wynyard
11%
1Elizabeth Hartman
11%
2Gale Sondergaard
11%
1Jeanne Eagels
11%
1Jessie Buckley
11%
1Jo Van Fleet
11%
2Joyce Redman
11%
1June Squibb
11%
1Mare Winningham
11%
1Margaret Avery
11%
1Miyoshi Umeki
11%
2Ruth Chatterton
11%
1Sally Kellerman
11%
1Amy Madigan
10%
1Anne Ramsey
10%
1Barbara Bel Geddes
10%
1Betty Compson
10%
1Brenda Vaccaro
10%
1Cathy Moriarty
10%
1Elisabeth Bergner
10%
1Ellen Corby
10%
1Ida Kamińska
10%
1Jane Darwell
10%
1Janet Suzman
10%
1Jean Hagen
10%
1Jeannie Berlin
10%
1Joan Blondell
10%
1Kate Nelligan
10%
1Kathleen Quinlan
10%
1Katina Paxinou
10%
1Lesley Manville
10%
1Lila Kedrova
10%
1Margaret Leighton
10%
1Maria Bakalova
10%
1Marianne
Jean-Baptiste
10%
1Marie-Christine Barrault
10%
1Marina de Tavira
10%
1Paulette Goddard
10%
1Peggy Cass
10%
1Rinko Kikuchi
10%
1Ruth Hussey
10%
1Shohreh Aghdashloo
10%
1Sondra Locke
10%
1Sophie Okonedo
10%
1Sylvia Sidney
10%
1Tuesday Weld
10%
1Una Merkel
10%
1Adriana Barraza
9%
1Aline MacMahon
9%
1Andrea Leeds
9%
1Ann Sothern
9%
1Colette Marchand
9%
1Diane Cilento
9%
1Diane Varsi
9%
1Hermione Baddeley
9%
1Hope Emerson
9%
1Lindsay Crouse
9%
1Lotte Lenya
9%
1Lynn Carlin
9%
2Maria Ouspenskaya
9%
1Marjorie Main
9%
1Mary Badham
9%
1Mary Ure
9%
2May Whitty
9%
1Patricia Collinge
9%
1Penelope Milford
9%
1Susan Tyrrell
9%
1Valentina Cortese
9%
1Vivien Merchant
9%
1Bonita Granville
8%
1Diana Scarwid
8%
1Jan Sterling
8%
1Joan Hackett
8%
1Joan Lorring
8%
1Katy Jurado
8%
1Kay Medford
8%
1Lilia Skala
8%
1Margaret Wycherly
8%
1Marisa Pavan
8%
2Marjorie Rambeau
8%
1Martha Hyer
8%
2Mildred Dunnock
8%
1Mildred Natwick
8%
1Nina Foch
8%
1Norma Aleandro
8%
1Ronee Blakley
8%
1Sara Allgood
8%
1Eva Le Gallienne
7%
1Jocelyne LaGarde
7%
1Miliza Korjus
7%
1Spring Byington
7%
1Susan Kohner
7%

Score Distribution

Percentile by Number Answered

Percent of People with Each Score

Your Score History

You have not taken this quiz since the last reset